Súdne vymáhanie nevrátených výpožičiek

Podrobná bibliografia
Hlavný autor: Janovská, Darina, 1953- (Autor)
Médium: Článok
Jazyk:slovenčina
ISSN:1210-096X
Predmet:

MARC

LEADER 00000nab a2200000 a 4500
001 vtls000644446
003 SK-MaSNL
005 20260304094903.0
008 250425c1997 xo 0 slo
015 |a SNBRB19rr/mm-uuuuu 
035 |a CL0644585 
035 |a urn:nbn:sk:snk-ab1id4 
035 |a (urnnbn)urn:nbn:sk:snk:ar-003zf5 
035 |a (uuid)52e6d4a5-e373-42bb-b4ba-91bc33b08e3f 
040 |a SNKBUCL  |b slo  |c SNKBUCL  |e AACR2 
041 0 |a slo 
044 |a xo  |c SK 
080 |a 024:347.922  |2 1981 
080 |a 347.922  |2 1981 
100 1 |a Janovská, Darina,  |d 1953-  |4 aut  |9 105891 
245 1 0 |a Súdne vymáhanie nevrátených výpožičiek  |c Darina Janovská 
650 0 7 |a výpožičky  |2 snkbucl  |9 49793 
655 7 |a články z novín a časopisov  |2 snkbucl  |9 267496 
773 0 |t Knižnice a informácie  |g Roč. 29, č. 11 (1997), s. 452-458  |x 1210-096X 
850 |a Slovenská národná knižnica 
852 |a Slovenská národná knižnica 
954 |a odborná, vedecká literatúra pôvodná (slovenská)  |2 lita 
958 |a article2022 
958 |a KL 
958 |a SK 
958 |a RK 
958 |a OND 
958 |a EUIPO 
992 |a RBX 
999 |c 2829491  |d 2831421